Diccionario de expresiones idiomáticas (español-portugués) (Record no. 189190)

MARC details
000 -LEADER
campo de control de longitud fija 00968nam a2200229 i 4500
001 - NÚMERO DE CONTROL
campo de control 189190
003 - IDENTIFICADOR DE NÚMERO DE CONTROL
campo de control SpMaBN
005 - FECHA Y HORA DE LA ÚLTIMA TRANSACCIÓN
campo de control 20240104133743.0
008 - DATOS DE LONGITUD FIJA--INFORMACIÓN GENERAL
campo de control de longitud fija 190423t20062007sp d |||| | spa d
020 ## - NÚMERO INTERNACIONAL ESTÁNDAR DEL LIBRO
Número Internacional Estándar del Libro 978-84-7671-962-6
080 ## - NÚMERO DE LA CLASIFICACIÓN DECIMAL UNIVERSAL
Número de la Clasificación Decimal Universal (038)=134.2'373.72=134.3
100 1# - ENTRADA PRINCIPAL--NOMBRE DE PERSONA
Nombre de persona García Benito, Ana Belén.
9 (RLIN) 166866
245 10 - MENCIÓN DEL TÍTULO
Título Diccionario de expresiones idiomáticas (español-portugués)
Resto del título : expresiones idiomáticas verbales del español y sus equivalencias en portugués /
Mención de responsabilidad, etc. Ana Belén García Benito.
250 ## - MENCION DE EDICION
Mención de edición 2ª ed., amp. y mejorada.
260 ## - PUBLICACIÓN, DISTRIBUCIÓN, ETC.
Lugar de publicación, distribución, etc. Mérida :
Nombre del editor, distribuidor, etc. Junta de Extremadura, Gabinete de Iniciativas Transfronterizas,
Fecha de publicación, distribución, etc. 2006 [i.e. 2007]
300 ## - DESCRIPCIÓN FÍSICA
Extensión 401 p. ;
Dimensiones 24 cm.
650 14 - PUNTO DE ACCESO ADICIONAL DE MATERIA--TÉRMINO DE MATERIA
Término de materia o nombre geográfico como elemento de entrada Lengua española-
Subdivisión general Modismos-
Subdivisión de forma Diccionarios-
Subdivisión general Portugués.
9 (RLIN) 166867
710 1# - ENTRADA AGREGADA--NOMBRE DE ENTIDAD CORPORATIVA
Nombre de entidad corporativa o nombre de jurisdicción como elemento de entrada Extremadura.
Unidad subordinada Gabinete de Iniciativas Transfronterizas.
9 (RLIN) 4054
852 ## - LOCALIZACIÓN
Ubicación ES-MaACL
Número de control de estantería A-14479
itemnumber 196328
Sublocalización o colección R.152051
Ubicación en estantería Depósito 1
Signatura antigua Olim: N-7479
942 ## - ELEMENTOS DE ENTRADA SECUNDARIOS (KOHA)
Fuente del sistema de clasificación o colocación Clasificación decimal universal
Holdings
Estatus retirado Estado de pérdida Fuente del sistema de clasificación o colocación Estado de daño No para préstamo Colección Biblioteca de origen Biblioteca actual Ubicación en estantería Fecha de adquisición Fuente de adquisición Total de préstamos Signatura topográfica completa Código de barras Visto por última vez Precio de reemplazo Tipo de ítem Koha
    Clasificación decimal universal     Colección de referencia Biblioteca del Ateneo de Madrid Biblioteca del Ateneo de Madrid Depósito 1 23/04/2019 Donación   A-14479 1200384 23/02/2023 23/02/2023 Libro impreso